[Event "Stay Safe Play from Home 160"]
[Site "T#646201Emanuel Laske"]
[Date "2020.05.20"]
[Round "1"]
[White "Eidgenosse"]
[Black "Haxhi Baha"]
[Result "1-0"]
[WhiteElo "2372"]
[BlackElo "1943"]
[PlyCount "75"]
[EventDate "2020.05.20"]
[EventType "swiss (blitz)"]

1. d4 {[%emt 0:00:01]} d5 {[%emt 0:00:02]} 2. Nc3 {[%emt 0:00:00]} e6 {[%emt 0:00:01]} 3. f4 {[%emt 0:00:01]} Nf6 {[%emt 0:00:00]} 4. Nf3 {[%emt 0:00:00]} Ne4 {[%emt 0:00:01]} 5. e3 {[%emt 0:00:01]} f5 {[%emt 0:00:01]} 6. Be2 {[%emt 0:00:01]} Nd7 {[%emt 0:00:01]} 7. O-O {[%emt 0:00:00]} Bd6 {[%emt 0:00:00]} 8. Bd2 {[%emt 0:00:01]} c6 {[%emt 0:00:01]} 9. Be1 {[%emt 0:00:01]} O-O {[%emt 0:00:01]} 10. Bh4 {[%emt 0:00:00]} Qc7 {[%emt 0:00:02]} 11. Ne5 {[%emt 0:00:01]} Bxe5 {[%emt 0:00:01]} 12. fxe5 {[%emt 0:00:01]} Nxc3 {[%emt 0:00:01]} 13. bxc3 {[%emt 0:00:01]} Qa5 {[%emt 0:00:01]} 14. c4 {[%emt 0:00:02]} Qc3 {[%emt 0:00:04]} 15. Qd3 {[%emt 0:00:02]} Qxd3 {[%emt 0:00:04]} 16. Bxd3 {[%emt 0:00:00]} a6 {[%emt 0:00:02]} 17. a4 {[%emt 0:00:01]} Nb6 {[%emt 0:00:02]} 18. a5 {[%emt 0:00:02]} Nxc4 {[%emt 0:00:01]} 19. Bxc4 {[%emt 0:00:01]} dxc4 {[%emt 0:00:00]} 20. c3 {[%emt 0:00:01]} Bd7 {[%emt 0:00:05]} 21. Rab1 {[%emt 0:00:01]} Rab8 {[%emt 0:00:05]} 22. Be7 {[%emt 0:00:00]} Rf7 {[%emt 0:00:02]} 23. Bd6 {[%emt 0:00:01]} Rd8 {[%emt 0:00:04]} 24. Rxb7 {[%emt 0:00:02]} Bc8 {[%emt 0:00:01]} 25. Rxf7 {[%emt 0:00:02]} Kxf7 {[%emt 0:00:00]} 26. Rb1 {[%emt 0:00:02]} g5 {[%emt 0:00:05]} 27. Rb6 {[%emt 0:00:03]} Bd7 {[%emt 0:00:01]} 28. Rxa6 {[%emt 0:00:02]} Rc8 {[%emt 0:00:03]} 29. Ra7 {[%emt 0:00:01]} Ke8 {[%emt 0:00:00]} 30. a6 {[%emt 0:00:00]} h5 {[%emt 0:00:01]} 31. Rb7 {[%emt 0:00:01]} c5 {[%emt 0:00:00]} 32. a7 {[%emt 0:00:02]} Bc6 {[%emt 0:00:00]} 33. Rb8 {[%emt 0:00:01]} Kd7 {[%emt 0:00:00]} 34. Bxc5 {[%emt 0:00:01]} Ba8 {[%emt 0:00:01]} 35. Kf2 {[%emt 0:00:02]} Kc7 {[%emt 0:00:01]} 36. h4 {[%emt 0:00:03]} Rxb8 {[%emt 0:00:02]} 37. Bd6+ {[%emt 0:00:01]} Kd7 {[%emt 0:00:02]} 38. axb8=Q {[%emt 0:00:00] Time ' (Lag: Av=0.75s, max=1.1s)} 1-0

[Event "Stay Safe Play from Home 160"]
[Site "T#646201Emanuel Laske"]
[Date "2020.05.20"]
[Round "1"]
[White "toosieslide"]
[Black "Onlyforchess"]
[Result "0-1"]
[WhiteElo "2152"]
[BlackElo "2527"]
[Annotator "TA"]
[PlyCount "128"]
[EventDate "2020.05.20"]
[EventType "swiss (blitz)"]

{[%evp 9,127,45,56,9,12,17,18,-12,-15,-22,31,25,19,0,0,0,0,-3,-10,-10,-8,-16,-16,-58,-68,-152,-145,-164,-170,-497,-495,-495,-493,-475,-474,-471,-240,-224,125,121,118,131,131,-142,-131,-615,-629,-617,50,42,41,54,115,114,205,2,304,304,304,304,1750,8,304,304,304,255,162,8,294,262,288,304,255,149,150,150,149,150,306,306,29981,29982,29982,0,29981,0,6158,6133,6118,6103,6086,5777,6086,6086,6079,5661,5347,-29991,-29992,-29992,-29980,-29992,-29992,-29992,-29993,-29994,-29995,-29995,-29995,-29996,-29995,-29995,0,-29996,-29996,-29997,-29998,-29998,-29999,-29999]} 1. d4 c5 2. d5 e5 3. dxe6 d6 4. e4 Bxe6 5. Nc3 Nf6 6. Nf3 {A44: Semi-Benoni.} Nc6 7. Bb5 Be7 8. Bg5 {The position is equal.} O-O 9. O-O {[#]} Nd7 $146 (9... h6 $11 10. Bf4 Qb6) ({Predecessor:} 9... h6 10. Bh4 Qb6 11. Re1 Nd4 12. a4 a6 13. a5 Qc7 14. Be2 Nxe2+ 15. Rxe2 Rfd8 {½-½ (47) Jakubek,P (2169)-Kimerling,M (2157) Slovakia 2014}) 10. Bxe7 $14 Qxe7 11. Nd5 Bxd5 12. exd5 Nce5 13. Re1 Nxf3+ 14. Qxf3 Ne5 15. Qg3 Qf6 16. f4 Ng6 {[%mdl 64] Discovered Attack} 17. Rf1 (17. f5 $15 Qxf5 18. Qxd6) 17... Qxb2 $17 18. Bd3 {[#]} c4 $1 {[%cal Rc4d3][%mdl 576] Decoy} 19. Bxc4 $2 (19. Bf5 {is tougher.}) 19... Qd4+ $19 {[%mdl 64] Double Attack} 20. Kh1 Qxc4 21. f5 Ne5 22. f6 {[%csl Gf6][%cal Rg3g7]} g6 (22... Qg4 $142 23. Qxg4 Nxg4 24. fxg7 Rfe8) 23. Qg5 {Threatening mate with Qh6.} Kh8 $2 {[#]} ({Better is} 23... Nd7 $1 $19 {And now ...Kh8 would win.} 24. Qh6 Nxf6 $1 {[%mdl 576] Decoy} 25. Rxf6 Qd4 $1 {[%mdl 512]}) 24. Qh6 $1 $16 {[%csl Gf6][%cal Rh6g7][%mdl 1536] White has strong compensation.} Rg8 25. Rf4 $1 $40 {[%mdl 128] White goes for the king.} Ng4 {[#] Strongly threatening ...Qc3!} (25... Qc3 26. Qxh7+ $1 {[%mdl 512]} Kxh7 27. Rh4#) 26. Qg5 $2 {[%mdl 8192]} (26. Rxc4 $2 Nxh6 27. Rc7 b6 $19) (26. Qg7+ $1 $16 {[%mdl 512]} Rxg7 27. fxg7+ {[%mdl 64] Discovered Attack} (27. Rxc4 $2 Nxf6 28. Rc7 b6 $19) 27... Kxg7 28. Rxc4) 26... Qc3 $17 27. Raf1 $2 {[%mdl 8192]} (27. Rg1 $17) 27... Ne3 $1 $19 28. R4f3 Qe5 $2 (28... Rae8 $19 29. Rh3 Qc4 $1 {[%mdl 576] Double Attack}) 29. Qxe5 $14 dxe5 30. Rxe3 {[%mdl 4096] Endgame KRR-KRR} Rge8 {[#]} (30... Rgd8 $14) 31. Rfe1 $1 $16 Rad8 (31... Red8 $16) 32. c4 $2 (32. Rxe5 $18 Rxe5 33. Rxe5) 32... e4 $2 {[%mdl 8192]} (32... b5 $1 $11) 33. Rxe4 $18 Rxe4 34. Rxe4 {KR-KR} b5 $2 (34... h5 35. a4 Rc8) 35. Re7 $2 (35. d6 $18 {d7 would kill now.} h5 36. c5) 35... h5 $2 {[%mdl 8192]} (35... bxc4 $11 {and Black has nothing to worry.} 36. Rxa7 (36. Rxf7 Kg8 $11) 36... c3) 36. cxb5 ({Not} 36. Rxf7 bxc4 37. Rxa7 Kg8 $14) 36... Rxd5 {( -> ...Rd1+)} 37. h3 Rxb5 38. Kh2 $2 ({Don't play} 38. Rxa7 Kg8 $14) (38. Rxf7 $18 a5 39. Rg7) 38... Rf5 $2 {[%mdl 8192]} (38... Kg8 $11 {and Black is okay.}) 39. Rxf7 h4 40. Rxa7 Rxf6 41. Ra8+ ({White should play} 41. a4 $18) 41... Kg7 42. a4 {Hoping for a5.} Kh6 43. a5 {aiming for a6.} g5 $2 (43... Rf1 $16 {was called for.} 44. Rc8 Ra1 45. Rh8+ Kg5) 44. a6 {Black must now prevent a7.} Rc6 $2 (44... Kg7 $18 45. a7 Ra6) 45. a7 Ra6 46. Rc8 $2 (46. Rh8+ Kg6 47. a8=Q Rxa8 48. Rxa8 Kh7 49. Ra4 Kg6 50. g3 Kf6 51. gxh4) 46... Kg7 $2 {[%mdl 8192]} (46... Rxa7 $11 47. Rc6+ Kg7) 47. Rc6 $2 (47. a8=Q Rxa8 48. Rxa8 Kg6 49. Ra2 Kf7 50. Ra6 Kg7 51. g3 Kh7 52. Ra4) 47... Rxc6 $4 {[%mdl 8192]} (47... Rxa7 $11 48. Rc5 Kg6) 48. a8=Q {KQ-KR} Rf6 49. Qb7+ Kg6 50. Qb2 Rf5 51. Qc2 Kf6 52. Qd3 Ke5 53. Qd6+ $4 {[%mdl 8192]} (53. g4 $18 Rf2+ 54. Kg1) 53... Kxd6 {KR-KPP} 54. g4 {[#]} Ke6 $1 55. Kg2 Rf4 56. Kg1 Ke5 57. Kg2 Ke4 58. Kg1 Ke3 59. Kh2 Ke2 60. Kg2 Ke3 $2 (60... Rf2+ {mates} 61. Kg1 Kf3 62. Kh1 Kg3 63. Kg1 Rf3 64. Kh1 Rf1#) 61. Kg1 $2 {[%mdl 8192]} (61. Kh2 $11 Kf3 62. Kh1 Kg3 63. Kg1 Kxh3 64. Kh1 Rf1#) 61... Kf3 {Black mates.} 62. Kh1 Kg3 {[%cal Rf4f1]} 63. Kg1 Rf3 64. Kh1 Rf1# {Accuracy: White = 47%, Black = 38%.} 0-1

[Event "Stay Safe Play from Home 160"]
[Site "T#646201Emanuel Laske"]
[Date "2020.05.20"]
[Round "1"]
[White "Weltszmerc"]
[Black "Karthikchess"]
[Result "0-1"]
[WhiteElo "2002"]
[BlackElo "2443"]
[Annotator "RC"]
[PlyCount "114"]
[EventDate "2020.05.20"]
[EventType "swiss (blitz)"]

1. d4 {[%emt 0:00:02]} Nf6 {[%emt 0:00:01]} 2. c4 {[%emt 0:00:00]} e6 {[%emt 0:00:00]} 3. Nf3 {[%emt 0:00:01]} Bb4+ {[%emt 0:00:01]} 4. Bd2 {[%emt 0:00:01]} Qe7 {[%emt 0:00:00]} 5. g3 {[%emt 0:00:00]} Bxd2+ {[%emt 0:00:02]} 6. Nbxd2 {[%emt 0:00:00]} d6 {[%emt 0:00:02]} 7. Bg2 {[%emt 0:00:00]} O-O {[%emt 0:00:01]} 8. O-O {[%emt 0:00:01]} e5 {[%emt 0:00:01]} 9. e4 {[%emt 0:00:01]} Nc6 {[%emt 0:00:02]} 10. d5 {[%emt 0:00:02]} Nb8 {[%emt 0:00:01]} 11. Rc1 {[%emt 0:00:02]} a5 {[%emt 0:00:00]} 12. b3 {[%emt 0:00:01]} Na6 {[%emt 0:00:01]} 13. a3 {[%emt 0:00:01]} c6 {[%emt 0:00:03]} 14. Qe2 {[%emt 0:00:02]} Bd7 {[%emt 0:00:05]} 15. Nh4 {[%emt 0:00:02]} Rfc8 {[%emt 0:00:04]} 16. Nf5 {[%emt 0:00:02]} Bxf5 {[%emt 0:00:01]} 17. exf5 {[%emt 0:00:00]} Qd8 {[%emt 0:00:05]} 18. Ne4 {[%emt 0:00:04]} Nxe4 {[%emt 0:00:03]} 19. Bxe4 {[%emt 0:00:00]} Nc5 {[%emt 0:00:00]} 20. Bc2 {[%emt 0:00:01]} cxd5 {[%emt 0:00:01]} 21. cxd5 {[%emt 0:00:01]} Nd7 {[%emt 0:00:00]} 22. g4 {[%emt 0:00:04]} Qh4 {[%emt 0:00:03]} 23. Qf3 {[%emt 0:00:01]} Nf6 {[%emt 0:00:01]} 24. h3 {[%emt 0:00:03]} h5 {[%emt 0:00:01]} 25. Kg2 {[%emt 0:00:08]} hxg4 {[%emt 0:00:01]} 26. hxg4 {[%emt 0:00:00]} Qxg4+ {[%emt 0:00:00]} 27. Qxg4 {[%emt 0:00:01]} Nxg4 {[%emt 0:00:00]} 28. Kg3 {[%emt 0:00:01]} Nf6 {[%emt 0:00:00]} 29. Rfd1 {[%emt 0:00:03]} Kf8 {[%emt 0:00:01]} 30. f3 {[%emt 0:00:01]} Ke7 {[%emt 0:00:00]} 31. Be4 {[%emt 0:00:00]} Rxc1 {[%emt 0:00:02]} 32. Rxc1 {[%emt 0:00:00]} Kd7 {[%emt 0:00:00]} 33. Rc4 {[%emt 0:00:01]} Rc8 {[%emt 0:00:01]} 34. Kf2 {[%emt 0:00:01]} Rxc4 {[%emt 0:00:01]} 35. bxc4 {[%emt 0:00:00]} Kc7 {[%emt 0:00:00]} 36. Ke3 {[%emt 0:00:01]} Kb6 {[%emt 0:00:00]} 37. Kd3 {[%emt 0:00:01]} Kc5 {[%emt 0:00:00]} 38. Kc3 {[%emt 0:00:01]} b6 {[%emt 0:00:00]} 39. a4 {[%emt 0:00:01]} Ng8 {[%emt 0:00:00]} 40. Kb3 {[%emt 0:00:02]} Nf6 {[%emt 0:00:00]} 41. Kc3 {[%emt 0:00:01]} Nh5 {[%emt 0:00:00]} 42. Kb3 {[%emt 0:00:01]} Ng3 {[%emt 0:00:00]} 43. Kc3 {[%emt 0:00:01]} Ne2+ {[%emt 0:00:01]} 44. Kd3 {[%emt 0:00:02]} Nd4 {[%emt 0:00:02]} 45. Kc3 {[%emt 0:00:00]} f6 {[%emt 0:00:01]} 46. Kd3 {[%emt 0:00:00]} Kb4 {[%emt 0:00:01]} 47. f4 {[%emt 0:00:01]} Kxa4 {[%emt 0:00:01]} 48. fxe5 {[%emt 0:00:00]} fxe5 {[%emt 0:00:00]} 49. Ke3 {[%emt 0:00:00]} Kb4 {[%emt 0:00:00]} 50. Kf2 {[%emt 0:00:01]} Kc5 {[%emt 0:00:00]} 51. Kg3 {[%emt 0:00:00]} a4 {[%emt 0:00:00]} 52. f6 {[%emt 0:00:00]} a3 {[%emt 0:00:00]} 53. f7 {[%emt 0:00:00]} Ne2+ {[%emt 0:00:00]} 54. Kh4 {[%emt 0:00:00]} Nf4 {[%emt 0:00:01]} 55. f8=Q {[%emt 0:00:00]} a2 {[%emt 0:00:00]} 56. Qc8+ {[%emt 0:00:00]} Kd4 {[%emt 0:00:00]} 57. Kg4 {[%emt 0:00:00]} Ng2 {[%emt 0:00:00] Czas partii (Lag: Av=1.02s, max=1.6s)} 0-1

[Event "Stay Safe Play from Home 160"]
[Site "T#646201Emanuel Laske"]
[Date "2020.05.20"]
[Round "1"]
[White "SecantFX"]
[Black "Lamborghini"]
[Result "1/2-1/2"]
[WhiteElo "1954"]
[BlackElo "2321"]
[PlyCount "133"]
[EventDate "2020.05.20"]
[EventType "swiss (blitz)"]

1. g3 {[%emt 0:00:03]} e5 {[%emt 0:00:01]} 2. Bg2 {[%emt 0:00:00]} Nc6 {[%emt 0:00:01]} 3. f4 {[%emt 0:00:00]} exf4 {[%emt 0:00:01]} 4. gxf4 {[%emt 0:00:00]} Nf6 {[%emt 0:00:01]} 5. Nf3 {[%emt 0:00:01]} d5 {[%emt 0:00:01]} 6. e3 {[%emt 0:00:00]} Bd6 {[%emt 0:00:01]} 7. d4 {[%emt 0:00:00]} O-O {[%emt 0:00:01]} 8. O-O {[%emt 0:00:00]} Ne7 {[%emt 0:00:02]} 9. Ne5 {[%emt 0:00:01]} Nf5 {[%emt 0:00:01]} 10. Qe2 {[%emt 0:00:02]} c6 {[%emt 0:00:01]} 11. c4 {[%emt 0:00:01]} dxc4 {[%emt 0:00:01]} 12. Nc3 {[%emt 0:00:01]} Qc7 {[%emt 0:00:05]} 13. Nxc4 {[%emt 0:00:01]} Re8 {[%emt 0:00:03]} 14. Nxd6 {[%emt 0:00:01]} Qxd6 {[%emt 0:00:00]} 15. Qd3 {[%emt 0:00:01]} c5 {[%emt 0:00:03]} 16. d5 {[%emt 0:00:03]} c4 {[%emt 0:00:04]} 17. Qd2 {[%emt 0:00:04]} Qb6 {[%emt 0:00:02]} 18. Re1 {[%emt 0:00:01]} Nd6 {[%emt 0:00:01]} 19. Na4 {[%emt 0:00:04]} Qb5 {[%emt 0:00:02]} 20. Nc3 {[%emt 0:00:02]} Qa6 {[%emt 0:00:01]} 21. e4 {[%emt 0:00:00]} Qb6+ {[%emt 0:00:03]} 22. Kh1 {[%emt 0:00:02]} Ng4 {[%emt 0:00:01]} 23. Rf1 {[%emt 0:00:02]} f5 {[%emt 0:00:03]} 24. e5 {[%emt 0:00:01]} Ne4 {[%emt 0:00:01]} 25. Nxe4 {[%emt 0:00:02]} fxe4 {[%emt 0:00:01]} 26. Bxe4 {[%emt 0:00:01]} g6 {[%emt 0:00:02]} 27. Bf3 {[%emt 0:00:01]} Nh6 {[%emt 0:00:01]} 28. Qe3 {[%emt 0:00:01]} Qxe3 {[%emt 0:00:02]} 29. Bxe3 {[%emt 0:00:01]} Nf5 {[%emt 0:00:00]} 30. Bf2 {[%emt 0:00:01]} Bd7 {[%emt 0:00:01]} 31. e6 {[%emt 0:00:01]} Bb5 {[%emt 0:00:01]} 32. Be4 {[%emt 0:00:01]} Rad8 {[%emt 0:00:01]} 33. Bxf5 {[%emt 0:00:01]} gxf5 {[%emt 0:00:00]} 34. Rac1 {[%emt 0:00:01]} Kf8 {[%emt 0:00:01]} 35. Rfd1 {[%emt 0:00:01]} b6 {[%emt 0:00:01]} 36. Bd4 {[%emt 0:00:01]} Rxd5 {[%emt 0:00:02]} 37. Bg7+ {[%emt 0:00:01]} Kxg7 {[%emt 0:00:01]} 38. Rxd5 {[%emt 0:00:00]} Bc6 {[%emt 0:00:00]} 39. Kg1 {[%emt 0:00:03]} Bxd5 {[%emt 0:00:02]} 40. Re1 {[%emt 0:00:01]} Bxe6 {[%emt 0:00:00]} 41. Rc1 {[%emt 0:00:01]} Kf6 {[%emt 0:00:00]} 42. Kf2 {[%emt 0:00:01]} Rd8 {[%emt 0:00:00]} 43. Rc2 {[%emt 0:00:00]} Rd3 {[%emt 0:00:01]} 44. Re2 {[%emt 0:00:01]} b5 {[%emt 0:00:00]} 45. Re3 {[%emt 0:00:01]} Rxe3 {[%emt 0:00:01]} 46. Kxe3 {[%emt 0:00:00]} b4 {[%emt 0:00:00]} 47. Kd2 {[%emt 0:00:01]} c3+ {[%emt 0:00:00]} 48. bxc3 {[%emt 0:00:00]} bxc3+ {[%emt 0:00:00]} 49. Kxc3 {[%emt 0:00:00]} Bxa2 {[%emt 0:00:01]} 50. Kd4 {[%emt 0:00:01]} Bd5 {[%emt 0:00:00]} 51. h4 {[%emt 0:00:00]} a5 {[%emt 0:00:01]} 52. Kxd5 {[%emt 0:00:00]} a4 {[%emt 0:00:00]} 53. Kc4 {[%emt 0:00:00]} a3 {[%emt 0:00:00]} 54. Kb3 {[%emt 0:00:00]} Ke6 {[%emt 0:00:00]} 55. Kxa3 {[%emt 0:00:00]} Kd5 {[%emt 0:00:00]} 56. Kb4 {[%emt 0:00:00]} Ke4 {[%emt 0:00:00]} 57. Kc5 {[%emt 0:00:00]} Kxf4 {[%emt 0:00:00]} 58. h5 {[%emt 0:00:00]} Kg4 {[%emt 0:00:00]} 59. h6 {[%emt 0:00:00]} Kg5 {[%emt 0:00:01]} 60. Kd6 {[%emt 0:00:00]} Kxh6 {[%emt 0:00:00]} 61. Ke5 {[%emt 0:00:00]} Kg5 {[%emt 0:00:00]} 62. Kd4 {[%emt 0:00:01]} Kg4 {[%emt 0:00:00]} 63. Ke3 {[%emt 0:00:00]} f4+ {[%emt 0:00:00]} 64. Kf2 {[%emt 0:00:00]} Kh3 {[%emt 0:00:01]} 65. Kf1 {[%emt 0:00:00]} Kg4 {[%emt 0:00:00]} 66. Kg1 {[%emt 0:00:00]} Kf3 {[%emt 0:00:00]} 67. Kh2 {[%emt 0:00:01] (Lag: Av=0.46s, max=0.9s) '} 1/2-1/2

[Event "Stay Safe Play from Home 160"]
[Site "T#646201Emanuel Laske"]
[Date "2020.05.20"]
[Round "2"]
[White "Onlyforchess"]
[Black "Karthikchess"]
[Result "0-1"]
[WhiteElo "2530"]
[BlackElo "2446"]
[Annotator "TA"]
[PlyCount "134"]
[EventDate "2020.05.20"]
[EventType "swiss (blitz)"]

{[%evp 18,133,-12,-12,0,-20,-17,-15,-27,-27,-10,-26,-39,-32,-31,-225,-64,-66,-60,-73,-25,-26,-4,-6,0,-196,-72,-74,-12,-11,0,0,0,0,0,-3,16,0,0,0,0,0,0,0,0,-18,-33,-40,-40,-73,-73,-73,-73,-72,-71,-73,-73,-73,-48,-48,-47,-317,-48,-56,-56,-309,-194,-193,-185,-185,-170,-277,-274,-29978,-389,-499,-406,-678,-663,-29979,-29980,-29979,-29980,-29987,-29988,-29988,-29989,-29988,-29989,-29989,-29990,-29991,-29992,-29995,-29984,-29995,-29994,-29995,-29995,-29996,-29993,-29993,-29994,-29996,-29995,-29995,-29996,-29996,-29997,-29997,-29998,-29998,-29998,-29998,-29998,-29998,-29999,-29999]} 1. e4 c6 2. d4 d5 3. exd5 cxd5 4. c4 Nf6 5. Nc3 g6 6. Nf3 Bg7 7. Be2 O-O 8. Be3 dxc4 9. O-O Nc6 10. Bxc4 Na5 {D94: Grünfeld: 4 Nf3 Bg7 5 e3.} 11. Bd3 {[#]} b6 $146 ({Predecessor:} 11... Be6 12. Qe2 Rc8 13. Rfe1 Bc4 14. Rad1 Nd5 15. Bg5 Re8 16. Bxc4 Nxc4 17. Ne4 Nd6 18. Nc5 {0-1 (37) Teske,H (2538)-Shanava,K (2576) Navalmoral 2011}) 12. Ne5 {Black should prevent b4.} Bb7 {The position is equal.} 13. Qe2 e6 14. Rad1 Nd5 15. Rfe1 Rc8 16. Ba6 $2 (16. Bd2 $15) 16... Bxa6 $2 ({Not} 16... Nxc3 17. bxc3 Rxc3 18. Bxb7 $15) (16... Rxc3 $1 $19 17. Bxb7 Rxe3 18. fxe3 Nxb7) 17. Qxa6 $15 Nxc3 18. bxc3 Rxc3 19. Qxa7 Qc7 20. Qa6 Nc4 21. Rc1 $2 (21. Nxc4 $11 Qxc4 22. Qxc4 Rxc4 23. d5) 21... Nxe5 (21... Nxe3 $19 {is more deadly.} 22. Rxc3 Qxc3 {[%mdl 64] Double Attack} 23. Rxe3 Qa1+ 24. Qf1 Qxa2) 22. dxe5 $17 Qxe5 (22... Bxe5 $17 23. Kf1 Bd4 $1 {[%mdl 512]} 24. Rxc3 Qxc3) 23. Qxb6 $11 Rfc8 (23... Rb8 {looks sharper.} 24. Qa6 Qe4 25. Rxc3 Bxc3 26. Rc1 Bb2) 24. Rxc3 Qxc3 {[%cal Rc3e1]} 25. Rd1 Bf8 $40 {[%mdl 128] Black attacks.} 26. h3 Qa3 27. Rd8 Rxd8 $1 28. Qxd8 Qxa2 29. Bh6 {[%csl Gh6][%cal Rd8f8]} Qa1+ 30. Kh2 {[%csl Gh6][%cal Rd8f8]} Qe5+ 31. f4 {[%csl Gh6][%cal Rd8f8]} Qd6 32. Qe8 Qe7 33. Qa8 f6 34. Bxf8 Qxf8 $17 {[%mdl 4096] Endgame KQ-KQ} 35. Qc6 Qe7 36. Kg3 Kf7 37. Kf3 Qa7 38. g4 Qa3+ 39. Ke4 $2 {[%mdl 8192] [#]} (39. Kg2 $15) 39... Qb4+ $2 (39... Qxh3 40. Qd7+ Kg8 41. Qxe6+ Kg7 42. Qe7+ Kg8 43. Qe6+ Kg7 44. Qe7+ Kg8 45. Qe8+ Kg7 46. Qe7+ $11) ({Black should try} 39... f5+ $1 $19 40. Kd4 fxg4 41. hxg4 Qa1+ 42. Kd3 Qd1+ 43. Ke3 Qe1+ 44. Kd3 Qg3+ 45. Kc2 Qxg4 46. Qc7+ Kg8 47. Qd8+ Kg7 48. Qc7+ Kh6) 40. Kf3 $15 Qb3+ 41. Ke4 $2 {[%mdl 8192] White is now going downhill.} (41. Kf2 $15) 41... Qb1+ ({And not} 41... Qxh3 42. Qd7+ Kf8 43. Qd8+ Kg7 44. Qe7+ Kg8 45. Qxe6+ Kg7 46. Qe7+ Kg8 47. Qe8+ Kg7 48. Qe7+ Kg8 49. Qd8+ Kg7 50. Qe7+ $11) 42. Ke3 Qe1+ 43. Kd3 Qf1+ {[%mdl 64] Double Attack} 44. Kd4 (44. Kc2 $142) 44... Qxf4+ $19 45. Kc5 $2 (45. Kd3 $19) 45... Qe5+ $2 (45... Qc1+ {mates} 46. Kd6 Qxc6+ 47. Kxc6 f5 48. gxf5 gxf5 49. Kc5 f4 50. Kd4 {[#]} e5+ $1 {[%mdl 512]} 51. Ke4 Kf6 52. h4 h5 53. Kd3 Kf5 54. Kd2 e4 55. Ke2 e3 56. Kd3 Ke5 57. Ke2 Ke4 58. Ke1 Kd3 59. Kd1 f3 60. Ke1 f2+ 61. Kf1 Kd2 62. Kg2 Ke2 63. Kg3 f1=Q 64. Kh2 Qf6 65. Kg3 Kf1 66. Kh3 Qf3+ 67. Kh2 Qg2#) 46. Kb6 Qd4+ 47. Kb7 (47. Ka6 $142 Ke7 48. Qc1) 47... Qd5 {Hoping for ...f5.} 48. Kc7 Qxc6+ {Black mates.} 49. Kxc6 {KP-KP} f5 50. Kd6 f4 51. Ke5 f3 52. Ke4 f2 53. Ke3 f1=Q 54. Ke4 Qxh3 55. Ke5 {[#]} Qh5+ $1 56. Kd6 (56. gxh5 gxh5) 56... Qxg4 57. Kd7 Qf5 58. Kd6 e5 59. Kc6 e4 60. Kd6 e3 61. Kc6 e2 62. Kc7 e1=Q 63. Kb6 Qe2 64. Ka7 Qfd3 65. Kb8 Qec2 66. Kb7 Qdb3+ 67. Ka6 Qca2# {Accuracy: White = 55%, Black = 65%.} 0-1

[Event "Stay Safe Play from Home 160"]
[Site "T#646201Emanuel Laske"]
[Date "2020.05.20"]
[Round "2"]
[White "Mepe_Nika"]
[Black "SecantFX"]
[Result "1-0"]
[WhiteElo "2273"]
[BlackElo "1968"]
[PlyCount "99"]
[EventDate "2020.05.20"]
[EventType "swiss (blitz)"]

1. e4 {[%emt 0:00:01]} b6 {[%emt 0:00:02]} 2. d4 {[%emt 0:00:01]} Bb7 {[%emt 0:00:00]} 3. Nc3 {[%emt 0:00:01]} c6 {[%emt 0:00:00]} 4. Bd3 {[%emt 0:00:01]} g6 {[%emt 0:00:00]} 5. h4 {[%emt 0:00:01]} Bg7 {[%emt 0:00:00]} 6. h5 {[%emt 0:00:01]} Bxd4 {[%emt 0:00:01]} 7. Nce2 {[%emt 0:00:01]} Bg7 {[%emt 0:00:01]} 8. h6 {[%emt 0:00:03]} Bf8 {[%emt 0:00:01]} 9. Nf3 {[%emt 0:00:02]} d6 {[%emt 0:00:01]} 10. b3 {[%emt 0:00:01]} f6 {[%emt 0:00:01]} 11. Bb2 {[%emt 0:00:01]} e5 {[%emt 0:00:00]} 12. Qd2 {[%emt 0:00:01]} Nd7 {[%emt 0:00:01]} 13. O-O-O {[%emt 0:00:00]} Ne7 {[%emt 0:00:01]} 14. Bc4 {[%emt 0:00:01]} Nc8 {[%emt 0:00:00]} 15. g4 {[%emt 0:00:02]} b5 {[%emt 0:00:01]} 16. Be6 {[%emt 0:00:01]} Be7 {[%emt 0:00:02]} 17. g5 {[%emt 0:00:02]} Rf8 {[%emt 0:00:02]} 18. Rdg1 {[%emt 0:00:02]} Nc5 {[%emt 0:00:03]} 19. Bxc8 {[%emt 0:00:02]} Bxc8 {[%emt 0:00:02]} 20. gxf6 {[%emt 0:00:01]} Rxf6 {[%emt 0:00:01]} 21. Qe3 {[%emt 0:00:01]} Nb7 {[%emt 0:00:04]} 22. Ng5 {[%emt 0:00:01]} Qb6 {[%emt 0:00:07]} 23. Nxh7 {[%emt 0:00:01]} Qxe3+ {[%emt 0:00:01]} 24. fxe3 {[%emt 0:00:00]} Rf2 {[%emt 0:00:02]} 25. Ng3 {[%emt 0:00:03]} Kf7 {[%emt 0:00:03]} 26. Rf1 {[%emt 0:00:02]} Rxf1+ {[%emt 0:00:02]} 27. Rxf1+ {[%emt 0:00:00]} Kg8 {[%emt 0:00:01]} 28. a4 {[%emt 0:00:04]} Kxh7 {[%emt 0:00:01]} 29. axb5 {[%emt 0:00:01]} cxb5 {[%emt 0:00:01]} 30. Rf7+ {[%emt 0:00:01]} Kxh6 {[%emt 0:00:01]} 31. Rxe7 {[%emt 0:00:00]} Nc5 {[%emt 0:00:01]} 32. Ba3 {[%emt 0:00:02]} Ba6 {[%emt 0:00:02]} 33. Bxc5 {[%emt 0:00:01]} dxc5 {[%emt 0:00:00]} 34. Rxe5 {[%emt 0:00:00]} Rc8 {[%emt 0:00:01]} 35. Ne2 {[%emt 0:00:01]} c4 {[%emt 0:00:01]} 36. Nd4 {[%emt 0:00:01]} cxb3 {[%emt 0:00:01]} 37. Nxb3 {[%emt 0:00:01]} Bb7 {[%emt 0:00:01]} 38. Nc5 {[%emt 0:00:01]} Bc6 {[%emt 0:00:01]} 39. Kb2 {[%emt 0:00:01]} Kg7 {[%emt 0:00:01]} 40. Nd3 {[%emt 0:00:01]} Kf6 {[%emt 0:00:00]} 41. Rc5 {[%emt 0:00:01]} Bb7 {[%emt 0:00:01]} 42. Rxb5 {[%emt 0:00:02]} Bxe4 {[%emt 0:00:01]} 43. Nc5 {[%emt 0:00:01]} Bf3 {[%emt 0:00:02]} 44. Ra5 {[%emt 0:00:00]} Rc7 {[%emt 0:00:01]} 45. Nb3 {[%emt 0:00:01]} Be4 {[%emt 0:00:02]} 46. Nd4 {[%emt 0:00:00]} Rc6 {[%emt 0:00:01]} 47. Nxc6 {[%emt 0:00:02]} Bxc6 {[%emt 0:00:00]} 48. Ra6 {[%emt 0:00:01]} Kf5 {[%emt 0:00:01]} 49. Rxc6 {[%emt 0:00:00]} g5 {[%emt 0:00:00]} 50. Rc5+ {[%emt 0:00:01] Time (Lag: Av=0.43s, max=0.9s)} 1-0